000 01071nam a22002415i 4500
001 176004
003 ES-MaACL
005 20250812221539.0
008 101209s1968 sp |||| | spa d
080 _a627.21
100 1 _aSuárez Bores, Pedro.
_9144219
245 1 0 _aAplicaciones portuarias de la dinámica del flotador.
_nI,
_pOscilaciones del flotador /
_cP. Suárez Bores.
260 _aMadrid :
_bCentro de estudios y experimentación de Obras Públicas, Laboratorio de Puertos,
_c1968.
300 _a91 p. ;
_c27 cm.
490 1 _aCentro de Estudios y Experimentación de Obras Públicas. Laboratorio de Puertos ;
_v6-B
504 _aBibliografía: p. 84-91.
650 0 4 _aPuertos-
_xInvestigación.
_9144226
710 0 _aCentro de Estudios y Experimentación de Obras Públicas.
_bLaboratorio de Puertos (España)
_92687
830 0 0 _aCentro de Estudios y Experimentación de Obras Públicas.
_pLaboratorio de Puertos
_v6-B
_9189888
852 _aES-MaACL
_j2277-F-6
_xOlim P-1412
852 _aES-MaACL
_jP-1360-2
999 _c176004
_d176004